<?xml version="1.0" encoding="UTF-8"?>
<record
    xmlns:xsi="http://www.w3.org/2001/XMLSchema-instance"
    xsi:schemaLocation="http://www.loc.gov/MARC21/slim http://www.loc.gov/standards/marcxml/schema/MARC21slim.xsd"
    xmlns="http://www.loc.gov/MARC21/slim">

  <leader>02263nam a2200301uu 4500</leader>
  <controlfield tag="001">1526371</controlfield>
  <controlfield tag="005">20260508093353.0</controlfield>
  <controlfield tag="007">co|||||||</controlfield>
  <controlfield tag="008">190529s2019                        spa  </controlfield>
  <datafield tag="035" ind1=" " ind2=" ">
    <subfield code="a">1526371</subfield>
  </datafield>
  <datafield tag="040" ind1=" " ind2=" ">
    <subfield code="c">comduadb</subfield>
  </datafield>
  <datafield tag="041" ind1=" " ind2=" ">
    <subfield code="a">spa</subfield>
  </datafield>
  <datafield tag="080" ind1=" " ind2=" ">
    <subfield code="a">P</subfield>
  </datafield>
  <datafield tag="100" ind1="1" ind2="0">
    <subfield code="a">Casta&#xF1;o G&#xF3;mez , Melina </subfield>
    <subfield code="4">aut</subfield>
    <subfield code="e">aut</subfield>
    <subfield code="9">784208</subfield>
  </datafield>
  <datafield tag="245" ind1="1" ind2="0">
    <subfield code="a">Construcci&#xF3;n discursiva de la identidad pol&#xED;tica a partir de la teor&#xED;a del discurso postestructuralista : estudio de caso del programa de gobierno de Sergio Fajardo para las elecciones de la alcald&#xED;a de la ciudad de Medell&#xED;n en 2003</subfield>
  </datafield>
  <datafield tag="260" ind1=" " ind2=" ">
    <subfield code="c">2019.</subfield>
  </datafield>
  <datafield tag="300" ind1=" " ind2=" ">
    <subfield code="a">1 CD ROM</subfield>
  </datafield>
  <datafield tag="520" ind1="3" ind2=" ">
    <subfield code="a">Sergio Fajardo ha sido, y sigue siendo en la actualidad, un actor de relevancia pol&#xED;tica tanto en el &#xE1;mbito regional como en el &#xE1;mbito nacional; debido a esto el presente trabajo indaga por la construcci&#xF3;n discursiva de la identidad pol&#xED;tica con la que logr&#xF3; ganar las elecciones para la alcald&#xED;a de Medell&#xED;n en 2003. Desde una postura te&#xF3;rica postestructuralista, se afirma que la construcci&#xF3;n de los sistemas de significaci&#xF3;n es un proceso contingente y contextual que, respondiendo a las demandas sociales particulares, puede lograr una recomposici&#xF3;n y un establecimiento de centros de sentido que dictaminan tanto la identidad de los sujetos como el sentido de sus pr&#xE1;cticas. Es as&#xED; como, desde un enfoque hist&#xF3;rico-hermen&#xE9;utico y por medio de un an&#xE1;lisis de discurso aplicado al caso del programa de gobierno de Sergio Fajardo durante la campa&#xF1;a de 2003, se concluye que la identidad del candidato fue el resultado de una articulaci&#xF3;n discursiva de inconformidades de un variado n&#xFA;mero de movimiento tanto populares y comunitarios como acad&#xE9;micos y empresariales que para la &#xE9;poca demandaban mayor participaci&#xF3;n democr&#xE1;tica y mejor manejo de los recursos p&#xFA;blicos en la administraci&#xF3;n municipal.</subfield>
  </datafield>
  <datafield tag="650" ind1=" " ind2=" ">
    <subfield code="a">Identidad pol&#xED;tica</subfield>
    <subfield code="9">56348</subfield>
  </datafield>
  <datafield tag="650" ind1=" " ind2=" ">
    <subfield code="a">Discurso pol&#xED;tico</subfield>
    <subfield code="9">26835</subfield>
  </datafield>
  <datafield tag="650" ind1=" " ind2=" ">
    <subfield code="a">Postestructuralismo</subfield>
    <subfield code="9">46239</subfield>
  </datafield>
  <datafield tag="650" ind1=" " ind2=" ">
    <subfield code="a">An&#xE1;lisis del discurso - Aspectos pol&#xED;ticos</subfield>
    <subfield code="9">225988</subfield>
  </datafield>
  <datafield tag="700" ind1="1" ind2="0">
    <subfield code="a">Salazar Prada, Ram&#xF3;n</subfield>
    <subfield code="4">ths</subfield>
    <subfield code="e">ths</subfield>
    <subfield code="9">783872</subfield>
  </datafield>
  <datafield tag="856" ind1="4" ind2=" ">
    <subfield code="u">http://bibliotecadigital.udea.edu.co/handle/10495/13424</subfield>
  </datafield>
  <datafield tag="942" ind1=" " ind2=" ">
    <subfield code="c">TESIS</subfield>
  </datafield>
  <datafield tag="999" ind1=" " ind2=" ">
    <subfield code="c">796171</subfield>
    <subfield code="d">796171</subfield>
  </datafield>
  <datafield tag="502" ind1=" " ind2=" ">
    <subfield code="b">132</subfield>
    <subfield code="c">14</subfield>
  </datafield>
  <datafield tag="526" ind1=" " ind2=" ">
    <subfield code="a">134</subfield>
  </datafield>
  <datafield tag="952" ind1=" " ind2=" ">
    <subfield code="0">0</subfield>
    <subfield code="1">0</subfield>
    <subfield code="4">0</subfield>
    <subfield code="7">0</subfield>
    <subfield code="8">TESIS</subfield>
    <subfield code="a">IEP</subfield>
    <subfield code="b">IEP</subfield>
    <subfield code="d">2019-05-29</subfield>
    <subfield code="e">Material adquirido por donaci&#xF3;n</subfield>
    <subfield code="i">C1314720</subfield>
    <subfield code="l">0</subfield>
    <subfield code="o">P03251 CD-ROM</subfield>
    <subfield code="p">0962855</subfield>
    <subfield code="r">2023-05-04 00:00:00</subfield>
    <subfield code="t">1</subfield>
    <subfield code="w">2023-05-04</subfield>
    <subfield code="y">DIGITAL</subfield>
  </datafield>
</record>
